Normal view
MARC view
Entry Personal Name
001 - CONTROL NUMBER
- control field: 41146
003 - CONTROL NUMBER IDENTIFIER
- control field: ARRUPE
005 - DATE AND TIME OF LATEST TRANSACTION
- control field: 20180328104153.0
008 - FIXED-LENGTH DATA ELEMENTS
- fixed length control field: 180328|| aca||aabn | a|a d
040 ## - CATALOGING SOURCE
- Original cataloging agency: ARRUPE
- Transcribing agency: ARRUPE
100 ## - HEADING--PERSONAL NAME
- Personal name: Cirera, Xavier
670 ## - SOURCE DATA FOUND
- Source citation: Work cat.: (ARRUPE): McCulloch, Neil 41139, Trade liberalization and poverty, 2009